000 00424nam a2200181Ia 4500
008 170705s9999 xx 000 0 und d
020 _a9780545285438
245 _aVolcanoes /
245 _cJudith Bauer Stamper.
260 _aNew York :
260 _bScholastic,
260 _c2010
300 _a32 pages :
300 _bcolor illustration ;
300 _c23cm.
440 _aSmart words reader.
500 _a710
999 _c336249
_d336249